THE HEAVENLY CITY OF THE EIGHTEENTH-CENTURY PHILOSOPHERS/

Guardado en:
Bibliografiske detaljer
Hovedforfatter: Becker, Carl L. (autor)
Format: Bog
Serier:THE STORRS LECTURES
Fag:
Tags: Tilføj Tag
Ingen Tags, Vær først til at tagge denne postø!

MARC

LEADER 00000nam^a2200000^a^4500
001 000215921
005 20250521000000.0
009 20260310103640.795
035 |a 012277 
037 |a Acervo Xavier Clavigero 
082 |a 190.  |b BEC 
100 |a Becker, Carl L.  |e (autor) 
245 1 4 |a THE HEAVENLY CITY OF THE EIGHTEENTH-CENTURY PHILOSOPHERS/  |c CARL L. BECKER 
264 |a NEW HAVEN, U. S. A. :  |b YALE UNIVERSITY PRESS,  |c 1932 
300 |a 168p. 
336 |a texto  |b txt  |2 rdacontenido 
337 |a sin mediación  |b n  |2 rdamedio 
338 |a volumen  |b nc  |2 rdasoporte 
440 |a THE STORRS LECTURES 
649 |a XX 
650 |a Filosofía Moderna 
910 |a Fondo General 
920 |a Impresos - Libros 
930 |a Colección General 
905 |a 101 
901 |a 012277  |b IT1  |c ACC  |i 012277  |u 20250521 
902 |a https://opac.biblio.iteso.mx/vufind/Record/000215921